Practica del federalismo : (Record no. 12820)

000 -CABECERA
fixed length control field 00970nam a22002177a 4500
003 - IDENTIFICADOR DEL NÚMERO DE CONTROL
control field AR-CdUCM
008 - DATOS DE LONGITUD FIJA--INFORMACIÓN GENERAL
fixed length control field 190410b ||||| |||| 00| 0 spa d
040 ## - FUENTE DE LA CATALOGACIÓN
Agencia/entidad que catalogó originalmente la obra MUNICIPALIDAD PROVINCIAL DEL CUSCO
Entidad que transcribió la catalogación BIBLIOTECA MUNICIPAL DEL CUSCO
082 ## - NÚMERO DE LA CLASIFICACIÓN DECIMAL DEWEY
No. de Clasificación 321.021 /
Notacion interna M12
100 ## - ENTRADA PRINCIPAL--NOMBRE DE PERSONA
Nombre Personal Macmahon, Arthur W.
245 ## - MENCIÓN DE TÍTULO
Título Practica del federalismo :
Resto del título Estudios comparados entre países con sistema federal experimentado y nuevas federaciones /
260 ## - PUBLICACIÓN, DISTRIBUCIÓN, ETC.
Lugar de publicación, distribución, etc. Buenos aires :
Nombre de la editorial, distribuidor, etc. Editorial bibliográfica argentina,
Fecha de publicación, distribución, etc. 1959.
300 ## - DESCRIPCIÓN FÍSICA
Nº de Páginas Extensión 581 páginas
Dimensiones 24 cm.
440 ## - MENCIÓN DE SERIE/PUNTO DE ACCESO ADICIONAL--TÍTULO
Título Colección de ciencias políticas.
9 (RLIN) 30898
505 ## - NOTA DE CONTENIDO CON FORMATO
Nota de contenido formateada Contenido :Los problemas del federalismo -- El federalismo y la creación de naciones -- Federalismo y libertad -- Pre requisitos del equilibrio -- Capitalismo en evolución y federalismo político ...
650 ## - PUNTO DE ACCESO ADICIONAL DE MATERIA--TÉRMINO DE MATERIA
Descriptor Federalismo
9 (RLIN) 12838
650 ## - PUNTO DE ACCESO ADICIONAL DE MATERIA--TÉRMINO DE MATERIA
Descriptor Descentralismo
9 (RLIN) 30899
700 ## - PUNTO DE ACCESO ADICIONAL--NOMBRE DE PERSONA
Nombre Personal Naymark, Moises
9 (RLIN) 30900
942 ## - ELEMENTOS DE PUNTO DE ACCESO ADICIONAL (KOHA)
Fuente de clasificación
Tipo de item Libros-BMC
945 ## - PROCESAMIENTO DE INFORMACIÓN LOCAL (OCLC)
Catalogador rum
Holdings
Estado de retiro (separado) Fuente de clasificación o esquema de estanterías Estado dañado Ubicación Sala donde se ubica Nombre de la colección Fecha de adquisición o compra Costo, precio normal en soles Signatura topográfica Código de Barras Última vez visto (Koha) Tipo de ítem (Koha)
No     Sala Humanidades Sala Humanidades Book Cart 2019-04-10 35.00 321.021 / M12 SH0000010489 2019-04-10 Libros-BMC

Powered by Koha